| 000 | 02218nam0a2200409 4500 | ||
|---|---|---|---|
| 001 | RU\NLR\BIBL_A\022609161 | ||
| 005 | 20260420052525.0 | ||
| 010 |
_a978-5-85524-593-6 _91700 |
||
| 021 |
_aRU _bКН-П-25-039101 _9КН-П-25-3819 |
||
| 035 | _a(NLR Aleph) 022609161 | ||
| 090 |
_a13682783 _c13682783 |
||
| 100 | _a20250825d2025 u y0rusy50 ca | ||
| 101 | 0 | _arus | |
| 102 | _aRU | ||
| 105 | _aa w 000ay | ||
| 181 | 0 |
_ai2 _baxxe |
|
| 181 | 0 |
_ab2 _bxb2e |
|
| 182 | 0 | _an | |
| 200 | 1 |
_aБиблия. Ветхий и Новый завет в пересказе для детей _fлитературные редакторы: о. Георгий Чистяков, Анна Твердовская _gнаучный редактор: Евгений Рашковский _g[ил. Jose Perez Montero] |
|
| 203 |
_aТекст _aИзображение _bвизуальные _cнепосредственные |
||
| 210 |
_aМосква _cРоссийское Библейское общество _d2025 |
||
| 215 |
_a437 с. _cцв. ил. _d24 |
||
| 300 | _aЗагл. обл.: Библия в пересказе для детей | ||
| 327 | 1 | _aСодерж.: Ветхий Завет / в пересказе о. Сергия Овсянникова. Новый Завет / в пересказе Юрия Табака | |
| 333 | _a12+ | ||
| 464 | 0 |
_12001#$aВетхий Завет$fв пересказе о. Сергия Овсянникова _1702#1$3RU\NLR\auth\7772153$aОвсянников$bС.$cсвященнослужитель$f1952-$gСергий$4570 _tВетхий Завет |
|
| 464 | 0 |
_12001#$aНовый Завет$fв пересказе Юрия Табака _1702#1$aТабак$bЮ.$gЮрий$4570 _tНовый Завет |
|
| 500 | 1 | 0 |
_aБиблия _lПереработки _92631318 _3RU\NLR\auth\559299 |
| 512 | 1 | _aБиблия в пересказе для детей | |
| 605 |
_aБиблия _jИздания для детей _9925493 _3RU\NLR\AUTH\6621240 |
||
| 686 | 0 |
_aШ9 _bЭ |
|
| 702 | 1 |
_aРашковский _f1940- _gЕвгений Борисович _4340 |
|
| 942 | _cBOOK | ||
| 980 | _aNB | ||